header

The position of women in Islam (Record no. 112323)

MARC details
000 -LEADER
fixed length control field 01342nam a2200349Ia 4500
082 04 - DEWEY DECIMAL CLASSIFICATION NUMBER
Classification number 297/.082
100 1# - MAIN ENTRY--AUTHOR NAME
Personal name Ali, Syed Mohammed.
245 14 - TITLE STATEMENT
Title The position of women in Islam
260 ## - PUBLICATION, DISTRIBUTION, ETC. (IMPRINT)
Place of publication Albany :
Name of publisher State University of New York Press,
Year of publication c2004.
300 ## - PHYSICAL DESCRIPTION
Number of Pages xiv, 135 p.
650 #0 - SUBJECT ADDED ENTRY--TOPICAL TERM
Topical Term Women in Islam.
Topical Term Women in the Hadith.
Topical Term Women's rights
856 40 - ELECTRONIC LOCATION AND ACCESS
Uniform Resource Identifier http://site.ebrary.com/lib/rucke/Doc?id=10594845

No items available.

© 2026 Rongo University
Contact us: librarian | system librarian | Rongo university